Listening for health : better health communication through better listening.

Uloženo v:
Podrobná bibliografie
Hlavní autor: Smyke, Patricia (autor)
Médium: Kniha
Jazyk:angličtina
Témata:
Tagy: Přidat tag
Žádné tagy, Buďte první, kdo vytvoří štítek k tomuto záznamu!

MARC

LEADER 00000cam^a2200000uu^4500
001 000484190
005 20250521000000.0
008 030508s1997^^^^^^^^^^^^rd^r^^000^0^eng^d
009 20260310125128.683
022 |a 0946182094 
035 |a FCE 000027250 
035 |a FCE 021932 
037 |a Acervo ITESO - Biblioteca 
041 |a eng 
082 0 4 |a 153.68  |b SMYl 
100 |a Smyke, Patricia  |e (autor) 
245 1 0 |a Listening for health :  |b better health communication through better listening. 
264 |a Finlandia :  |b Child to Child Trust : ICCB,  |c 1997. 
300 |a 236 p. 
336 |a texto  |b txt  |2 rdacontenido 
337 |a sin mediación  |b n  |2 rdamedio 
338 |a volumen  |b nc  |2 rdasoporte 
649 |a XX 
650 |a Manual 
650 |a Educación del niño 
650 |a Enseñanza-aprendizaje 
650 |a Enseñanza 
650 |a Comunicación educativa 
650 |a Técnicas de enseñanza 
650 |a Escuchar 
650 |a Manera de escuchar 
910 |a Fondo Centro de Estudios Educativos 
920 |a Impresos - Libros 
930 |a Fondos Especiales 
905 |a 133 
901 |a ALE021932  |b IT2  |c CEE  |u 20250521 
902 |a https://opac.biblio.iteso.mx/vufind/Record/000484190